<?xml version="1.0" encoding="UTF-8"?>
<collection xmlns:xsi="http://www.w3.org/2001/XMLSchema-instance" xsi:schemaLocation="http://www.loc.gov/MARC21/slim http://www.loc.gov/standards/marcxml/schema/MARC21slim.xsd" xmlns="http://www.loc.gov/MARC21/slim">
 <record>
  <leader>00000ctm a22000004a 4500</leader>
  <controlfield tag="001">UP-99796217613547369</controlfield>
  <controlfield tag="003">Buklod</controlfield>
  <controlfield tag="005">20201122235311.0</controlfield>
  <controlfield tag="006">m     o  u        </controlfield>
  <controlfield tag="007">ta</controlfield>
  <controlfield tag="008">201122s2019    xx     d     r    |||| u|</controlfield>
  <datafield tag="035" ind1=" " ind2=" ">
   <subfield code="a">(iLib)UPD-00520970997</subfield>
  </datafield>
  <datafield tag="040" ind1=" " ind2=" ">
   <subfield code="a">DEDUC</subfield>
   <subfield code="e">rda</subfield>
  </datafield>
  <datafield tag="041" ind1=" " ind2=" ">
   <subfield code="a">eng</subfield>
  </datafield>
  <datafield tag="042" ind1=" " ind2=" ">
   <subfield code="a">DMLUC</subfield>
  </datafield>
  <datafield tag="090" ind1=" " ind2=" ">
   <subfield code="a">LG 996 2019 E32</subfield>
   <subfield code="b">M46</subfield>
  </datafield>
  <datafield tag="100" ind1="1" ind2=" ">
   <subfield code="a">Mendoza, Cesar M.</subfield>
   <subfield code="e">author.</subfield>
  </datafield>
  <datafield tag="245" ind1="1" ind2="0">
   <subfield code="a">Pedagogical environment, soft skills, and laboratory performance</subfield>
   <subfield code="b">mediators of biology students achievement in technology-enabled metaliteracy</subfield>
   <subfield code="c">Cesar M. Mendoza, Jr. ; Rosanelia T. Yangco, dissertation adviser ; Sheryl Lyn C. Monterola, dissertation reader ; Edwehna Elinore S. Paderna, Virgilio U. Manzano, Maricris B. Acido-Muega, critic/reader members.</subfield>
  </datafield>
  <datafield tag="264" ind1=" " ind2="1">
   <subfield code="a">Quezon City</subfield>
   <subfield code="b">College of Education, University of the Philippines Diliman</subfield>
   <subfield code="c">2019.</subfield>
  </datafield>
  <datafield tag="300" ind1=" " ind2=" ">
   <subfield code="a">xviii, 290 leaves</subfield>
   <subfield code="b">illustrations</subfield>
   <subfield code="c">28 cm.</subfield>
  </datafield>
  <datafield tag="336" ind1=" " ind2=" ">
   <subfield code="a">text</subfield>
   <subfield code="2">rdacontent</subfield>
  </datafield>
  <datafield tag="337" ind1=" " ind2=" ">
   <subfield code="a">unmediated</subfield>
   <subfield code="2">rdamedia</subfield>
  </datafield>
  <datafield tag="338" ind1=" " ind2=" ">
   <subfield code="a">volume</subfield>
   <subfield code="2">rdacarrier</subfield>
  </datafield>
  <datafield tag="502" ind1=" " ind2=" ">
   <subfield code="a">Thesis (Doctor of Philosophy in Education - Biology Education)--University of the Philippines, Diliman</subfield>
   <subfield code="d">December 2019.</subfield>
  </datafield>
  <datafield tag="504" ind1=" " ind2=" ">
   <subfield code="a">Includes bibliographical references.</subfield>
  </datafield>
  <datafield tag="520" ind1=" " ind2=" ">
   <subfield code="a">To provide an alternative approach in the teaching and learning process of biology education and with the paucity of literatures and empirical evidences on innovative teaching, this study investigated the effects and causal relationships of technology-enabled metaliteracy with reasoning mapping (TMRM), pedagogical environment, and soft skills on students laboratory performance and achievement in biology. The study further probed direct and indirect relationships among the different endogenous and exogenous variables. The experiences of the students in the development of reasoning mapping were also contextualized. This study utilized a mixed method research design employing both quantitative and qualitative approaches. The study is mainly quasi-experimental however, part of the study also investigated any direct and indirect of various exogenous variables on the endogenous variables through a path analysis approach. The participants of this study were first-year students taking Bachelor of Science in Medical Technology (BSMT) at a private, non-sectarian, co-educational higher education institution in Manila. The study used the following research instruments: Computer-supported Collaborative Learning Scale (CSCL) and Social Reasoning Scale (SRS) for the soft skills, Conceptual-based Pedagogical Environment Inventory (CPEI) and Procedural-based Pedagogical Environment Inventory (PPEI) for the pedagogical environment, Laboratory Performance (LP), and Parasitology Achievement Test (PAT). In the qualitative part, a semi-structured interview question guide was used to contextualize students' experiences on the use of the Advanced Parasitology Pedagogical Package in the TMRM teaching approach. The results of the study showed that students exposed to TMRM teaching approach performed better and achieved higher composite mean posttest score than the students exposed to conventional teaching method (Non-TMRM) in terms of the Laboratory Performance (LP). Moreover, students exposed to TMRM teaching approach also performed better and achieved significantly higher mean posttest score than the students exposed to conventional teaching method (Non-TMRM) based on Parasitology Achievement Test. In terms of causal relationship, the initial model did not fit the different model fit indices and other diagnostic tests hence, a revised model was developed using the endogenous and exogenous variables. For both the TMRM and Non-TMRM teaching approaches, it was noted that laboratory performance is a predictor of students achievement using the revised model. Moreover, students perception of computer-supported collaborative and procedural-based pedagogical environment significantly and directly influenced students achievement in biology for the TMRM class only. The study also revealed that perceptions on conceptual-based learning indirectly influenced students achievement through its significant relations with laboratory performance. In terms of the qualitative data obtained through group and individual interviews, analysis of the students reflection, and the researchers observations and notes, there were phases with which the students were able to develop reasoning mapping of concepts, produced valid outputs, and eventually understood the cases and topics at hand. These phases include: reduction of the case, rounding up of information and events, revelation of initial framework, regulation of concepts and reasoning, resolution through redirection and realization of framework, refinement and re-creation of reasoning.</subfield>
  </datafield>
  <datafield tag="650" ind1=" " ind2="0">
   <subfield code="a">Biology</subfield>
   <subfield code="x">Study and teaching (Higher)</subfield>
   <subfield code="z">Philippines</subfield>
   <subfield code="z">Manila.</subfield>
  </datafield>
  <datafield tag="700" ind1="1" ind2=" ">
   <subfield code="a">Yangco, Rosanelia Timtiman</subfield>
   <subfield code="e">dissertation adviser.</subfield>
  </datafield>
  <datafield tag="700" ind1="1" ind2=" ">
   <subfield code="a">Monterola, Sheryl Lyn C.</subfield>
   <subfield code="e">dissertation reader.</subfield>
  </datafield>
  <datafield tag="700" ind1="1" ind2=" ">
   <subfield code="a">Paderna, Edwehna Elinore S.</subfield>
   <subfield code="e">critic/reader member.</subfield>
  </datafield>
  <datafield tag="700" ind1="1" ind2=" ">
   <subfield code="a">Manzano, Virgilio U.</subfield>
   <subfield code="e">critic/reader member.</subfield>
  </datafield>
  <datafield tag="700" ind1="1" ind2=" ">
   <subfield code="a">Muega, Maricris B. Acido</subfield>
   <subfield code="e">critic/reader member.</subfield>
  </datafield>
  <datafield tag="905" ind1=" " ind2=" ">
   <subfield code="a">FI</subfield>
  </datafield>
  <datafield tag="905" ind1=" " ind2=" ">
   <subfield code="a">UP</subfield>
  </datafield>
  <datafield tag="852" ind1="0" ind2=" ">
   <subfield code="a">UPD</subfield>
   <subfield code="b">DEDUC</subfield>
   <subfield code="h">LG 996 2019 E32</subfield>
   <subfield code="i">R49</subfield>
  </datafield>
  <datafield tag="942" ind1=" " ind2=" ">
   <subfield code="a">Thesis</subfield>
  </datafield>
 </record>
</collection>
